000 00795nam a22002057a 4500
003 0
005 20250926155154.0
008 250926b xxu||||| |||| 00| 0 eng d
020 _a978-1-119-83772-5
050 _aHD 45
_b.H37 2024
100 _aHasenauer, Rainer,
_eauthor.
245 _aIntrapreneurship management :
_bconcepts, methods, and software for managing technological innovation in organizations /
_cRainer Hasenauer and Oliver Yu.
260 _aHoboken, New Jersey :
_bJohn Wiley & Sons, Inc.,
_c2024.
300 _axiv, 210 pages :
_billustrations ;
_c24 cm.
504 _aIncludes bibliographical references and index.
650 _aTechnological innovations
_xManagenent.
650 _aDiffusion of innovations
_xManagement.
700 _aYu, Oliver,
_eauthor.
942 _2lcc
_cBK
999 _c368115
_d368115